Logo Biblioteca

Las aventuras de Shgerlock Holmes para niños / (Registro nro. 556)

Detalles MARC
000 -LEADER
fixed length control field 00740nam a22002177a 4500
003 - CONTROL NUMBER IDENTIFIER
control field OSt
005 - DATE AND TIME OF LATEST TRANSACTION
control field 20250820155018.0
008 - FIXED-LENGTH DATA ELEMENTS--GENERAL INFORMATION
fixed length control field 250820s2018 ag ||||| |||| 00| f spa d
020 ## - INTERNATIONAL STANDARD BOOK NUMBER
International Standard Book Number 978-987-718-302-3
040 ## - CATALOGING SOURCE
Transcribing agency besoc
080 ## - UNIVERSAL DECIMAL CLASSIFICATION NUMBER
Authority record control number or standard number 82-32(82)
100 1# - MAIN ENTRY--PERSONAL NAME
Personal name Ferrán, Lito.
245 10 - TITLE STATEMENT
Title Las aventuras de Shgerlock Holmes para niños /
Statement of responsibility, etc. Arthur Conan Doyle ; adaptado por Lito Ferrán ; Ilustrado por Ignacio Bustos.
260 ## - PUBLICATION, DISTRIBUTION, ETC.
Place of publication, distribution, etc. Buenos Aires :
Name of publisher, distributor, etc. Lea,
Date of publication, distribution, etc. 2018
300 ## - PHYSICAL DESCRIPTION
Extent 62 p. ;
Dimensions 25 cm.
490 0# - SERIES STATEMENT
Series statement La brújula y la veleta ;
Volume/sequential designation 16
650 #4 - SUBJECT ADDED ENTRY--TOPICAL TERM
Topical term or geographic name entry element Literatura argentina
Form subdivision Novelas
Chronological subdivision Siglo XXI
General subdivision Adaptaciones
-- Colección juvenil
700 1# - ADDED ENTRY--PERSONAL NAME
Personal name Doyle, Arthur Conan,
Dates associated with a name 1859-1930.
700 1# - ADDED ENTRY--PERSONAL NAME
Personal name Bustos, Ignacio,
Relator term ilustrador
942 ## - ADDED ENTRY ELEMENTS (KOHA)
Source of classification or shelving scheme Universal Decimal Classification
Koha item type Obra General
Suppress in OPAC No
Existencias
Withdrawn status Lost status Source of classification or shelving scheme Damaged status Not for loan Home library Current library Date acquired Source of acquisition Total checkouts Full call number Barcode Date last seen Price effective from Koha item type
    Universal Decimal Classification     Biblioteca Escuela de Ciencias Sociales Biblioteca Escuela de Ciencias Sociales 20/08/2025 Donación 2024   82-32(82) F372 000262 20/08/2025 20/08/2025 Libro de préstamo a domicilio
Biblioteca de la Escuela Preuniversitaria en Ciencias Sociales y Humanísticas.
Riobamba 250 bis.
CP 2000 - Rosario - Santa Fe
E-Mail: biblioteca@esociales.unr.edu.ar